00311nam a2200121Ia 4500008004100000041000800041082001400049100001800063245003800081260003400119300001900153999001700172241015s9999 xx 000 0 und d aeng a617.4 JAN aRahul Jandial aLife Lessons From A Brain Surgeon bPenguinaUnited Kingdomc2019 a264;. P. 23 cm c41663d41663